| 000 | 01449cam a22001814a 4500 | ||
|---|---|---|---|
| 005 | 20250605164343.0 | ||
| 008 | 250528s ||||||||||||||||||||||||d | ||
| 035 | _a23743 | ||
| 040 |
_aGR-AtMCL _bgre _dGR-AtMCL _eAACR2 |
||
| 245 | 1 | _aΗ Διοίκηση Ολικής Ποιότητας στην Εκπαίδευση/Μελετη Περίπτωσης Ιδιωτικού Εκπαιδευτηρίου | |
| 260 | _c2013 | ||
| 300 | _a67 | ||
| 520 | _aΠεριεχόμενα, Εισαγωγή, Ιστορικό, Επισκόπηση Βιβλιογραφίας - Θεωρητική Προσέγγιση, Η Φιλοσοφία της ΔΟΠ, Αρχές της ΔΟΠ, Χαρακτηριστικά της ΔΟΠ, Σκοποί της ΔΟΠ, Θεωρίες Σχετικά με τη Διοίκηση Ολικής Ποιότητας, Η Θεωρία του P. Crosby, Η Θεωρία του W.E. Deming, Η Θεωρία του J Juran, Η Θεωρία του A. Freigenbaum, Η Θεωρία του Taguchi, Η Θεωρία του Ishikawa, Βασικά Εργαλεία στην ΔΟΠ, Η Ολική Ποιότητα στην Εκπαίδευση, Μεθοδολογική Προσέγγιση, Παρουσίαση Ερευνητικών Δεδομένων, Αποτελέσματα Έρευνας, Συμπεράσματα, Προτάσεις. | ||
| 700 | 1 |
_aΣτακτάρης Νίκος _99289 |
|
| 942 | _cDS | ||
| 999 |
_c8692 _d8692 |
||